000 00636nam a2200229Ia 4500
003 OSt
005 20220927105212.0
006 a|||||r|||| 00| 0
007 ta
008 220926b |||||||| |||| 00| 0 eng d
024 _a159397
037 _cReference Collections
040 _aRTL
_cRTL
_beng
041 _2eng
_aeng
082 _a"W32m2, N87, M7.26-21"
110 _aINDIA
_9352601
245 0 _aLok sabha debates
_b Eight session
260 _aNew
_bDelhi Lok Sabha Secretariat
_c1987
700 _aINDIA
_9352603
942 _h"W32m2, N87, M7.26-21"
_cCC
999 _c691159
_d691159